Culture Générale - Série 2446 - Statistiques

Statistiques générales
  • Ce quiz a été pris 214 fois
  • Le résultat moyen est 7 sur 10
Statistiques - réponses
Question Réponse % Correct
Quel instrument de musique est appelé "piano à bretelles" ? accordéon
89%
Dans quelle ville italienne peut-on admirer le palais des Doges ? Venise
89%
Dans quelle ville espagnole réside le barbier de Beaumarchais ? Séville
86%
Quel groupe français interprète "Trois nuits par semaine" ? Indochine
79%
Dans quelle ville française se trouve la Gare Saint-Charles ? Marseille
79%
Dans quelle ville française se trouve la Gare Saint-Jean ? Bordeaux
73%
Quel est le nom scientifique du ver de terre ? lombric
69%
Qui a écrit "A l'ombre des jeunes filles en fleurs" en 1918 ? prénom et nom - voir photo Marcel Proust
53%
Dans la mythologie grecque,comment se nomme la muse de l'Histoire ? Clio
47%
Quel nom porte le plus grand hôpital de Marseille ? Timone
36%
Aucun quiz correspondant
Distribution des résultats
% des personnes avec chaque résultat
Percentile par nombre de réponses
Votre historique - résultats
Vous n’avez pas pris ce quiz